Normal view MARC view
  • DeJarld Tina

Entry Personal Name

Number of records used in: 1

001 - CONTROL NUMBER

  • control field: 214690

003 - CONTROL NUMBER IDENTIFIER

  • control field: OSt

005 - DATE AND TIME OF LATEST TRANSACTION

  • control field: 20251028144737.0

008 - FIXED-LENGTH DATA ELEMENTS

  • fixed length control field: 251028|| aca||aabn | a|a d

040 ## - CATALOGING SOURCE

  • Original cataloging agency: OSt
  • Transcribing agency: OSt

100 ## - HEADING--PERSONAL NAME

  • Personal name: DeJarld Tina

670 ## - SOURCE DATA FOUND

  • Source citation: Work cat.: (OSt)368983: Anton Kelly Kordes 214688, Adobe In Design CC 2018 Release: Classroom in a Book the Official Training Workbook from Adobe, 2018